[Event "BL 2018-19"]
[Site "Berlin"]
[Date "2019.04.06"]
[Round "14.7"]
[White "Gurevich, Vladimir"]
[Black "Lipok, Christoph"]
[Result "1/2-1/2"]
[WhiteElo "2469"]
[BlackElo "2287"]
[Annotator "ChessBase"]
[PlyCount "45"]
[EventDate "2018.11.10"]
[EventType "team-tourn"]
[EventCountry "GER"]
[SourceTitle "playchess.com"]
[Source "ChessBase"]
[SourceQuality "1"]
[WhiteTeam "SV Hofheim"]
[BlackTeam "Augsburg"]
[TimeControl "40/6000+30:3000+30"]

1. e4 {[%emt 0:00:00]} e5 {[%emt 0:00:00]} 2. Nf3 {[%emt 0:00:07]} Nc6 {[%emt 0:00:09]} 3. Bc4 {[%emt 0:00:19]} Nf6 {[%emt 0:00:30]} 4. d3 {[%emt 0:00:39]} Be7 {[%emt 0:00:18]} 5. O-O {[%emt 0:00:24]} O-O {[%emt 0:00:10]} 6. Re1 {[%emt 0:00:31]} d6 {[%emt 0:00:25]} 7. a4 {[%emt 0:00:31]} Na5 {[%emt 0:00:21]} 8. Ba2 {[%emt 0:01:17]} c5 {[%emt 0:00:11]} 9. h3 {[%emt 0:04:09]} Nc6 {[%emt 0:02:00]} 10. Nc3 {[%emt 0:03:50]} Nb4 {[%emt 0:02:41]} 11. Bc4 {[%emt 0:01:39]} a6 {[%emt 0:03:45]} 12. Bg5 {[%emt 0:06:45]} Ne8 {[%emt 0:02:43]} 13. Bd2 {[%emt 0:02:42]} Nc7 {[%emt 0:05:23]} 14. a5 {[%emt 0:06:50]} Be6 {[%emt 0:05:23]} 15. Na4 {[%emt 0:03:17]} Bxc4 {[%emt 0:04:19]} 16. dxc4 {[%emt 0:00:55]} Nc6 {[%emt 0:00:14]} 17. Nb6 {[%emt 0:02:50]} Rb8 {[%emt 0:00:21]} 18. c3 {[%emt 0:06:16]} Ne6 {[%emt 0:07:58]} 19. b4 {[%emt 0:02:42]} f5 {[%emt 0:06:52]} 20. exf5 {[%emt 0:07:26]} Rxf5 {[%emt 0:00:18]} 21. Qc2 {[%emt 0:09:54]} Rxf3 {[%emt 0:13:37]} 22. gxf3 {[%emt 0:00:09]} cxb4 {[%emt 0:00:06]} 23. cxb4 {[%emt 0:03:08]} 1/2-1/2

[Event "BL 2018-19"]
[Site "Berlin"]
[Date "2019.04.06"]
[Round "14.7"]
[White "Hoffmann, Paul"]
[Black "Engel, Luis"]
[Result "1/2-1/2"]
[WhiteElo "2376"]
[BlackElo "2459"]
[Annotator "TA"]
[PlyCount "226"]
[EventDate "2018.11.10"]
[EventType "team-tourn"]
[EventCountry "GER"]
[SourceTitle "playchess.com"]
[Source "ChessBase"]
[SourceQuality "1"]
[WhiteTeam "Dresden"]
[BlackTeam "Hamburg SK"]

{[%evp 9,226,13,27,24,24,18,62,46,50,16,21,0,0,0,12,-7,0,4,23,42,39,11,18,27,43,23,69,16,118,58,42,19,19,19,23,23,22,22,77,94,119,143,142,114,223,226,221,216,205,143,141,141,126,127,100,81,54,61,211,-68,-79,-68,-68,-112,-77,-102,435,420,522,522,522,522,522,522,515,515,515,509,489,433,661,661,654,661,654,654,654,652,759,748,647,477,459,421,1004,931,994,1008,986,992,981,0,873,757,1724,1724,1724,1724,1018,842,1998,1884,2221,2211,2113,0,1502,1341,1049,0,1577,1560,29946,1460,1313,1179,1120,1037,29945,29951,5102,12341,29976,29977,29978,29958,29971,29971,29966,29968,29956,29963,29972,29974,29975,29976,29977,29972,29972,29975,29975,29974,29983,29984,29984,29985,29985,29982,29982,29979,29977,29976,29977,29977,29983,29978,29982,29979,29979,29978,29978,29979,29979,29980,29980,29981,29980,29982,29981,29981,29981,29980,29980,29981,29982,29981,29981,29980,29987,29985,29985,29986,29986,29984,29986,29986,29987,29986,29988,29987,29988,29988,29988,29979,29979,29980,29980,0,29982,29982,29983,29983,29983,29981,29988,29983,29989,29984,29984]} 1. e4 c5 2. Nf3 d6 3. Bb5+ Nd7 4. O-O a6 5. Bd3 (5. Bxd7+ Bxd7 6. d4 cxd4 7. Qxd4 e5 8. Qd3 h6 9. a4 Nf6 10. a5 Be7 11. c4 b5 12. axb6 Qxb6 13. Nc3 O-O 14. Be3 Qb7 15. h3 Rfc8 16. Nd2 Be6 17. Rfb1 a5 18. b3 Ra6 19. Ra2 Bd7 20. Rba1 {½-½ (20) Wang,H (2730)-Nepomniachtchi,I (2763) St Petersburg 2018}) 5... Ngf6 6. c3 {B51: Sicilian: Moscow Variation (3 Bb5+) without 3...Bd7} b5 7. a4 c4 8. Bc2 {White is slightly better.} Bb7 9. d3 e6 $146 ({Predecessor:} 9... cxd3 10. Bxd3 Nc5 11. axb5 Nxd3 12. Qxd3 Bxe4 {½-½ (35) Neelotpal,D (2428)-Narayanan,S (2405) Bhubaneswar 2014}) 10. axb5 axb5 11. Rxa8 Qxa8 12. Na3 cxd3 13. Bxd3 Nxe4 14. Nxb5 Qb8 $1 15. b4 Be7 16. Re1 d5 17. Nfd4 Bf6 18. c4 (18. Be3 $14) 18... Be5 (18... Nxf2 $11 19. Kxf2 dxc4) 19. Nf3 ({Better is} 19. g3 $16) 19... Nc3 $14 20. Nxc3 Bxc3 21. Bd2 $36 {[%mdl 2048] White has the initiative.} Bxd2 22. Nxd2 O-O 23. c5 Qf4 (23... Bc6 $1 $11 {keeps the balance.}) 24. Qc2 $16 g6 ({Don't blunder} 24... Qxb4 $2 25. Rb1 $18) 25. Nf3 {c6 is the strong threat.} Rc8 26. Bb5 Bc6 (26... Qxb4 $16 27. Bxd7 Rxc5) 27. Bxc6 $18 Rxc6 28. Qa4 Rc7 29. Qa5 {Black must now prevent g3.} Rc8 30. Qa6 Qc7 31. Nd4 Rb8 32. c6 Nb6 33. Rc1 Nc4 (33... Qf4 $14 34. Ne2 Qxb4) 34. Rxc4 $2 (34. Nb5 $1 $18 {[%cal Rb5c7]} Qf4 35. Rb1) 34... dxc4 $15 35. Qxc4 $18 {[%mdl 4096] Endgame KQR-KQN} Qd6 36. Nb5 Qd1+ 37. Qf1 Qxf1+ $4 {[%mdl 8192]} (37... Qc2 $17 {stays on course.} 38. c7 Ra8) 38. Kxf1 $17 {KR-KN} Rc8 {[#]} 39. Na7 $1 {[%cal Ra7c8]} Rc7 40. b5 {[%cal Bb4b5,Bb5b6][%mdl 32]} Rxa7 $18 {KR-KP} 41. b6 Ra1+ 42. Ke2 Rb1 43. b7 Kg7 44. Kd3 ({Resist} 44. c7 Rxb7 45. c8=Q Rb2+ 46. Ke3 Rb3+ 47. Ke2 h5 $18) 44... Kf6 (44... h6 $142 45. Kc2 Rb5) 45. c7 Rxb7 46. c8=Q {KQ-KR} Rb5 47. Qh8+ Ke7 48. h4 h5 49. g3 Rf5 50. Qc8 Rd5+ 51. Ke4 Rd8 (51... g5 $142 52. hxg5 Rxg5) 52. Qc5+ Ke8 53. f3 Rd5 54. Qc8+ Rd8 55. Qc5 Rd5 $1 56. Qb4 g5 57. hxg5 Rxg5 58. Ke3 Rd5 59. Kf2 Rf5 60. Kg2 Rd5 61. Kh3 Rf5 62. Kg2 Rd5 63. Kh2 Rg5 64. Kh3 Rf5 $1 65. Kh4 Rd5 66. Qa3 (66. g4 $142 hxg4 67. fxg4 Rd3 68. Qb5+ Rd7 69. Kg5 Ke7 70. Qc5+ Rd6 71. Qb4) 66... Rf5 67. g4 hxg4 68. fxg4 Rd5 69. Qb4 f6 70. Qb7 Kf8 71. Qc7 Rg5 72. Qd7 e5 73. Kg3 Rg7 74. Qe6 Rf7 75. Kf3 e4+ 76. Qxe4 Kg7 77. Kf4 Rc7 78. Qe6 Rc1 79. Qd7+ Kg6 80. Qd3+ Kg7 81. g5 fxg5+ 82. Kxg5 Rc5+ 83. Kf4 Rc7 84. Qd4+ Kf7 85. Qd5+ Ke8 86. Ke5 Rd7 87. Qg8+ Ke7 88. Qg5+ Kf7 89. Qf4+ Ke7 90. Qc4 Kd8 91. Qc5 Re7+ 92. Kd6 Rd7+ 93. Ke6 Rb7 94. Qf8+ Kc7 95. Kd5 Rb5+ 96. Kc4 Ra5 97. Qe7+ Kc6 98. Qe6+ Kb7 99. Kb4 Ra6 100. Qd7+ Kb6 101. Qc8 Ka7 102. Qc7+ Ka8 103. Qd7 Rb6+ 104. Ka5 Rb7 105. Qd8+ Ka7 106. Qc8 Rb5+ 107. Ka4 Ra5+ {[#]} 108. Kb4 $2 (108. Kb3 $1 {mates} Rb5+ 109. Kc4 Rb7 110. Qc5+ Kb8 111. Qf8+ Ka7 112. Kc5 Rc7+ 113. Kd6) 108... Rb5+ $2 {[%mdl 8192]} (108... Ra6 $11 109. Qd7+ Kb6 110. Qd8+ Kb7) 109. Kc4 {White mates.} Rb6 110. Qd7+ Rb7 111. Qd8 Rb8 112. Qa5+ Kb7 113. Kd5 Rc8 {[%mdl 32768] Accuracy: White = 56%, Black = 32%. . An unexpected result.} 1/2-1/2

[Event "BL 2018-19"]
[Site "Berlin"]
[Date "2019.04.06"]
[Round "14.8"]
[White "Smeets, Jan"]
[Black "Adams, Michael"]
[Result "1/2-1/2"]
[WhiteElo "2602"]
[BlackElo "2706"]
[Annotator "TA"]
[PlyCount "42"]
[EventDate "2018.11.10"]
[EventType "team-tourn"]
[EventCountry "GER"]
[SourceTitle "playchess.com"]
[Source "ChessBase"]
[SourceQuality "1"]
[WhiteTeam "Solingen"]
[BlackTeam "Baden-Baden"]

{[%evp 12,42,14,16,32,29,32,34,34,28,40,33,42,11,26,12,43,18,38,18,44,17,55,13,11,4,44,16,20,15,19,10,31]} 1. e4 e5 2. Nf3 Nc6 3. Bb5 Nf6 4. O-O Nxe4 5. Re1 Nd6 6. Nxe5 Be7 7. Bf1 Nf5 {C67: Ruy Lopez: Berlin Defence: 4 0-0 Nxe4} 8. Nf3 O-O 9. d4 d5 {White is slightly better.} 10. c3 Bd6 11. Bd3 Nce7 12. Nbd2 {[%cal Bb1d2,Bd2f1,Bf1e3][%mdl 32]} c6 13. Nf1 g6 {[#]} 14. Bd2 $146 ({Predecessor:} 14. Ng3 f6 15. Qc2 Nxg3 16. hxg3 {1-0 (53) Anand,V (2779)-Nakamura,H (2779) Saint Louis 2016}) 14... f6 15. c4 Ng7 16. Qb3 a5 17. Ne3 (17. c5 $5 {[%cal Rc5d6]} Bc7 18. h3 $14) 17... a4 18. Qc2 Be6 19. b3 (19. c5 $5 {[%cal Rc5d6]} Bc7 20. Rab1 $14) 19... axb3 {The position is equal.} 20. axb3 Qd7 21. c5 Bc7 {Accuracy: White = 23%, Black = 24%.} 1/2-1/2

[Event "BL 2018-19"]
[Site "Berlin"]
[Date "2019.04.06"]
[Round "14.8"]
[White "Sebastian, Dirk"]
[Black "Moehn, Hans"]
[Result "0-1"]
[WhiteElo "2442"]
[BlackElo "2371"]
[Annotator "TA"]
[PlyCount "79"]
[EventDate "2018.11.10"]
[EventType "team-tourn"]
[EventCountry "GER"]
[SourceTitle "playchess.com"]
[Source "ChessBase"]
[SourceQuality "1"]
[WhiteTeam "Hamburg SK"]
[BlackTeam "Dresden"]

{[%evp 9,79,6,21,21,20,21,22,16,5,5,24,0,1,0,0,-11,0,-15,-15,-17,0,-17,-29,-37,-29,-27,0,0,6,18,103,114,113,105,110,94,96,56,81,39,54,27,39,29,28,35,18,4,12,10,25,31,16,32,47,47,47,43,50,-12,-13,-13,-13,-39,-46,-138,-150,-139,-46,-5089,-779,-29989]} 1. e4 c5 2. Nf3 e6 3. g3 d5 4. exd5 exd5 5. d4 Nf6 6. Bg2 {B40: Sicilian: 2...e6, Unusual lines} Be7 7. O-O O-O 8. Nc3 {The position is equal.} (8. dxc5 Bxc5 9. Nc3 Nc6 10. a3 Re8 11. b4 Bb6 12. Bg5 d4 13. Bxf6 Qxf6 14. Nd5 Qd8 15. Nd2 Be6 16. Nf4 Bf5 17. Nd3 Qc7 {1-0 (33) Zvjaginsev,V (2642)-Rublevsky,S (2652) Tula 2019}) 8... Nc6 9. Be3 c4 10. b3 cxb3 11. axb3 Bf5 12. Na4 $146 ({Predecessor:} 12. Ne2 Nb4 13. Ne1 {1-0 (38) Diamant,A (2479)-Kleinman,M (2302) Wheeling 2013}) 12... Rc8 13. c3 b6 14. Ne5 Ne4 15. g4 Be6 16. Nxc6 Rxc6 17. c4 $1 f5 18. f3 $36 {[%mdl 2048] Black is under pressure.} Nf6 19. g5 Ne8 (19... dxc4 $11 {keeps the balance.} 20. gxf6 Bxf6) 20. f4 $16 Nc7 21. Nb2 {[%cal Ba4b2,Bb2d3,Bd3e5][%mdl 32]} a5 22. Nd3 Na6 23. Ne5 Rc8 24. Qe2 {[#] Black must now prevent cxd5.} Nb4 25. Rfd1 Bd6 26. Rac1 Qe7 27. Bd2 Bxe5 28. dxe5 {Hoping for Bxb4.} dxc4 29. bxc4 Rfd8 30. Be3 Rxd1+ 31. Qxd1 Rxc4 32. Rxc4 Bxc4 33. Bxb6 {aiming for Qd4.} Nd3 $1 {[%cal Rd3f4]} 34. Qa4 ({Better is} 34. Be3 $14) 34... Qe6 $11 35. Be3 Nxf4 $1 36. Qxa5 Nxg2 37. Qd8+ (37. Qa8+ $15 Kf7 38. Qxg2) 37... Kf7 $17 38. Kxg2 f4 ({Much less strong is} 38... Qxe5 39. Qd7+ Kg6 40. Qc6+ Qe6 41. Qxe6+ Bxe6 42. Kg3 $15) ({Black should play} 38... Bd5+ $17 39. Kf2 Qxe5 40. g6+ {[%mdl 64] Decoy} Kxg6 41. Qg5+ Kf7) 39. Qc7+ $2 {[%mdl 8192]} (39. Bxf4 $15 Qg4+ {[%mdl 64] Double Attack} 40. Bg3) 39... Kg6 $19 {[#] ( -> ...Qg4+)} 40. Bxf4 {Accuracy: White = 28%, Black = 58%.} 0-1

[Event "BL 2018-19"]
[Site "Berlin"]
[Date "2019.04.06"]
[Round "14.8"]
[White "Mueller, Werner"]
[Black "Margolin, Boris"]
[Result "0-1"]
[WhiteElo "2218"]
[BlackElo "2386"]
[Annotator "NA"]
[PlyCount "118"]
[EventDate "2018.11.10"]
[EventType "team-tourn"]
[EventCountry "GER"]
[SourceTitle "playchess.com"]
[Source "ChessBase"]
[SourceQuality "1"]
[WhiteTeam "Augsburg"]
[BlackTeam "SV Hofheim"]
[TimeControl "40/6000+30:3000+30"]

1. e4 {[%emt 0:00:00]} c5 {[%emt 0:00:00]} 2. Nf3 {[%emt 0:00:07]} Nc6 {[%emt 0:00:08]} 3. Nc3 {[%emt 0:00:31]} Nd4 {[%emt 0:05:09]} 4. Nxd4 {[%emt 0:08:37]} cxd4 {[%emt 0:00:08]} 5. Ne2 {[%emt 0:00:14]} e5 {[%emt 0:02:02]} 6. Ng3 $11 {[%emt 0:04:09]} Nf6 {[%emt 0:04:15]} 7. Bc4 {[%emt 0:10:41]} Be7 {[%emt 0:04:16]} 8. d3 {[%emt 0:01:18]} O-O {[%emt 0:03:28]} 9. O-O {[%emt 0:01:18]} d6 {[%emt 0:05:29]} 10. Bg5 {[%emt 0:08:17]} Be6 {[%emt 0:07:28]} 11. Bb3 {[%emt 0:03:09]} a5 {[%emt 0:09:28]} 12. c3 {[%emt 0:10:02]} dxc3 {[%emt 0:07:04]} 13. bxc3 {[%emt 0:00:08]} d5 {[%emt 0:02:48]} 14. Bxf6 {[%emt 0:06:37]} Bxf6 {[%emt 0:00:34]} 15. Qf3 {[%emt 0:01:34]} dxe4 {[%emt 0:02:14]} 16. Qxe4 {[%emt 0:07:05]} Bxb3 {[%emt 0:05:59]} 17. axb3 {[%emt 0:00:09]} b6 {[%emt 0:00:31]} 18. Nh5 {[%emt 0:01:42]} Rc8 {[%emt 0:04:05]} 19. c4 {[%emt 0:04:39]} Rc5 {[%emt 0:04:50]} 20. Rad1 {[%emt 0:07:13]} b5 {[%emt 0:08:12]} 21. h3 {[%emt 0:06:01]} g6 {[%emt 0:05:31]} 22. Nxf6+ {[%emt 0:00:46]} Qxf6 {[%emt 0:01:06]} 23. d4 {[%emt 0:08:40]} exd4 {[%emt 0:00:39]} 24. Qxd4 {[%emt 0:01:58]} Qxd4 {[%emt 0:00:10]} 25. Rxd4 {[%emt 0:00:05]} bxc4 {[%emt 0:00:21]} 26. bxc4 {[%emt 0:05:50]} Rb8 {[%emt 0:00:58]} 27. Ra1 {[%emt 0:02:18]} Kg7 {[%emt 0:00:35]} 28. g4 {[%emt 0:05:30]} Rb4 {[%emt 0:03:31]} 29. Kg2 {[%emt 0:02:44]} a4 {[%emt 0:02:30]} 30. Ra3 {[%emt 0:00:55]} Rcxc4 {[%emt 0:02:13]} 31. Rd7 {[%emt 0:00:03]} g5 {[%emt 0:05:33]} 32. Ra7 {[%emt 0:00:34]} Rf4 {[%emt 0:00:22]} 33. Kg3 {[%emt 0:01:26]} h5 {[%emt 0:01:08]} 34. gxh5 {[%emt 0:00:11]} Kh6 {[%emt 0:00:32]} 35. Rf3 {[%emt 0:01:01]} Rxf3+ {[%emt 0:00:47]} 36. Kxf3 {[%emt 0:00:01]} Kxh5 {[%emt 0:00:26]} 37. Kg2 {[%emt 0:01:39]} Kg6 {[%emt 0:02:53]} 38. Ra5 {[%emt 0:00:02]} f6 {[%emt 0:00:53]} 39. f3 {[%emt 0:01:07]} Rb2+ {[%emt 0:05:15]} 40. Kg3 {[%emt 0:01:07]} Rb4 {[%emt 0:01:48]} 41. Ra6 {[%emt 0:05:18]} Rf4 {[%emt 0:02:50]} 42. Ra5 {[%emt 0:10:31]} Kf7 {[%emt 0:06:06]} 43. Ra6 {[%emt 0:07:58]} Ke7 {[%emt 0:01:29]} 44. Rb6 {[%emt 0:02:52]} Rc4 {[%emt 0:12:51]} 45. Ra6 {[%emt 0:00:43]} Kf7 {[%emt 0:00:47]} 46. Rb6 {[%emt 0:03:32]} Kg6 {[%emt 0:04:20]} 47. Rb5 {[%emt 0:00:35]} f5 {[%emt 0:02:28]} 48. Ra5 {[%emt 0:07:38]} Rb4 {[%emt 0:00:48]} 49. Rd5 {[%emt 0:05:08]} Rb2 {[%emt 0:01:22]} 50. h4 {[%emt 0:01:02]} gxh4+ {[%emt 0:01:40]} 51. Kxh4 {[%emt 0:00:15]} Rb4+ {[%emt 0:00:20]} 52. Kg3 {[%emt 0:00:19]} f4+ {[%emt 0:00:45]} 53. Kg4 {[%emt 0:00:18]} Kf6 {[%emt 0:00:41]} 54. Rd8 {[%emt 0:07:57]} Rc4 {[%emt 0:01:04]} 55. Re8 {[%emt 0:00:29]} Rd4 {[%emt 0:01:07]} 56. Kh4 {[%emt 0:01:04]} Kf5 {[%emt 0:03:24]} 57. Kh5 {[%emt 0:01:11]} Rc4 {[%emt 0:00:45]} 58. Kh4 {[%emt 0:00:17]} Rc6 {[%emt 0:00:48]} 59. Rf8+ {[%emt 0:00:55]} Rf6 {[%emt 0:01:35]} 0-1

[Event "BL 2018-19"]
[Site "Berlin"]
[Date "2019.04.06"]
[Round "14.9"]
[White "Leko, Peter"]
[Black "Timman, Jan H"]
[Result "1/2-1/2"]
[WhiteElo "2679"]
[BlackElo "2541"]
[Annotator "TA"]
[PlyCount "56"]
[EventDate "2018.11.10"]
[EventType "team-tourn"]
[EventCountry "GER"]
[SourceTitle "playchess.com"]
[Source "ChessBase"]
[SourceQuality "1"]
[WhiteTeam "SF Deizisau"]
[BlackTeam "Duesseldorf"]

{[%evp 18,56,8,3,10,17,17,11,13,4,9,0,6,0,0,0,0,0,7,0,0,-31,-32,-40,-22,-23,-8,-30,-15,-38,-39,-39,-2,-45,-38,-65,-63,-69,-60,-64,-51]} 1. d4 Nf6 2. c4 e6 3. Nf3 b6 4. g3 Ba6 5. b3 Bb4+ 6. Bd2 Be7 7. Bg2 d5 8. cxd5 exd5 9. Nc3 O-O 10. O-O Nbd7 {E15: Queen's Indian: 4 g3 sidelines, 4 g3 Ba6 and 4 g3 Bb7 early deviations} (10... Re8 11. Rc1 Bb7 12. Bf4 c5 13. Ne5 Bf8 14. e3 Na6 15. h4 Nc7 16. g4 Ne6 17. Bg3 cxd4 18. exd4 Rc8 {½-½ (31) Fridman,D (2633)-Le,Q (2714) St Petersburg 2018}) 11. Qc2 Rc8 12. a4 c6 {The position is equal.} 13. Rfc1 Re8 14. Bh3 h6 15. e3 $146 ({Predecessor:} 15. a5 b5 16. Na2 c5 17. dxc5 Rxc5 18. Qd1 Rxc1 19. Rxc1 {½-½ (45) Offenborn,H (2128)-Krumm,G (2049) GER email 2012}) 15... Bd6 16. a5 b5 17. Na2 {[%cal Bc3a2,Ba2c1,Bc1d3,Bd3e5][%mdl 32]} Qe7 18. b4 Ne4 19. Rcb1 Rc7 20. Nc1 Qf6 21. Bg2 Nf8 22. Nd3 Ng6 23. Bc3 Bc8 24. Bb2 Qf5 25. Nfe5 Bxe5 {Black is slightly better.} 26. Nxe5 Nxg3 $1 27. Qxf5 $1 Nxf5 28. Rc1 {[#] Black must now prevent Nxg6.} Nfe7 {Accuracy: White = 66%, Black = 75%.} 1/2-1/2

[Event "BL 2018-19"]
[Site "Berlin"]
[Date "2019.04.06"]
[Round "14.9"]
[White "Piorun, Kacper"]
[Black "Salgado Lopez, Ivan"]
[Result "1/2-1/2"]
[WhiteElo "2634"]
[BlackElo "2624"]
[Annotator "TA"]
[PlyCount "41"]
[EventDate "2018.11.10"]
[EventType "team-tourn"]
[EventCountry "GER"]
[SourceTitle "playchess.com"]
[Source "ChessBase"]
[SourceQuality "1"]
[WhiteTeam "SF Berlin"]
[BlackTeam "Kiel"]

{[%evp 9,41,21,35,10,10,0,0,0,0,0,0,0,17,-17,-14,-32,-26,-22,0,0,0,0,0,-24,0,-24,0,-22,0,-19,0,-29,0,-13]} 1. e4 e5 2. Nf3 Nc6 3. Bb5 Nf6 4. d3 Bc5 5. Bxc6 dxc6 6. Qe2 {C65: Ruy Lopez: Berlin Defence (3...Nf6), unusual lines and 4 0-0 Bc5} (6. O-O {keeps more tension.} Bd6 7. Bg5 h6 8. Bh4 O-O 9. Nbd2) 6... Nd7 7. Nc3 O-O 8. O-O $146 ({Predecessor:} 8. Nd1 Re8 9. Ne3 Nf8 10. g3 Ne6 11. Nf5 Bf8 12. h4 c5 13. h5 Qf6 {½-½ (35) Eljanov,P (2755)-Karjakin,S (2785) Wijk aan Zee 2017}) 8... Re8 9. Bg5 f6 10. Be3 Bd6 11. d4 Qe7 12. Rfe1 Qf7 13. Rad1 a5 14. dxe5 Nxe5 15. Nxe5 Bxe5 16. Bd4 Bf4 17. Be3 Be5 18. Bd4 Bf4 19. Be3 Be5 20. Bd4 Bf4 21. Be3 {Accuracy: White = 58%, Black = 57%.} 1/2-1/2

[Event "BL 2018-19"]
[Site "Berlin"]
[Date "2019.04.06"]
[Round "14.10"]
[White "Dziuba, Marcin"]
[Black "Moranda, Wojciech"]
[Result "1/2-1/2"]
[WhiteElo "2574"]
[BlackElo "2599"]
[Annotator "TA"]
[PlyCount "71"]
[EventDate "2018.11.10"]
[EventType "team-tourn"]
[EventCountry "GER"]
[SourceTitle "playchess.com"]
[Source "ChessBase"]
[SourceQuality "1"]
[WhiteTeam "Kiel"]
[BlackTeam "SF Berlin"]

{[%evp 13,71,34,30,22,33,18,12,18,14,16,21,36,62,-66,-59,-92,-75,-123,0,-14,0,0,0,-8,0,0,0,-12,45,47,101,100,93,73,54,11,24,-122,81,90,118,122,118,94,94,94,177,95,95,90,76,68,76,0,0,0,0,0,0,-8]} 1. d4 Nf6 2. c4 e6 3. Nf3 d5 4. g3 dxc4 5. Bg2 a6 6. O-O b5 7. Ne5 Nd5 8. e4 {E04: Open Catalan: 5 Nf3} Nf6 9. a4 Bb7 10. axb5 axb5 11. Rxa8 Bxa8 12. Nc3 c6 13. Nxf7 (13. d5 $1 $14 Bd6 14. Ng4) 13... Kxf7 $15 14. e5 Nd5 15. Ne4 {[#]} Bb7 $146 (15... Qd7 $17 16. Bh3 h6 17. Qf3+ Kg8) ({Predecessor:} 15... Be7) 16. Ng5+ $1 $11 Kg8 17. Nxe6 Qe8 18. Nxf8 Qxf8 19. f4 Qf5 20. Qe1 Ne7 (20... Qd3 $11 21. Qf2 Qf5) 21. b3 $14 Kf7 (21... cxb3 $14 22. Qb4 Kf7 23. Qxb3+ Qe6) 22. bxc4 $16 bxc4 23. Ba3 Re8 24. Bd6 {Black must now prevent Qb4.} Qd3 $1 {[%cal Rd3d4]} 25. Qb4 {[#]} (25. e6+ $11 {remains equal.} Kg8 26. Be5) 25... Qb3 $2 (25... Ba6 $1 $17 {and life is bright. ...c3 is the strong threat.} 26. Bxe7 (26. Bxb8 c3 $17) 26... c3) 26. Rb1 Qxb4 27. Rxb4 Ba6 28. Rxb8 Rxb8 29. Bxb8 {[%mdl 4096] Endgame KBB-KBN} Nf5 (29... c3 $16 30. Be4 Bc8) 30. Bxc6 (30. Ba7 $18) 30... c3 31. Bd5+ Ke8 {[#] ( -> ...c2)} 32. Be4 $1 {[%cal Re4f5]} Nxd4 {Hoping for ...c2.} 33. Bxh7 (33. Bd6 $16) 33... c2 $11 {The position is equal.} 34. Bxc2 Nxc2 35. Kf2 Bc8 36. Ba7 {Accuracy: White = 46%, Black = 39%.} 1/2-1/2

[Event "BL 2018-19"]
[Site "Berlin"]
[Date "2019.04.06"]
[Round "14.10"]
[White "Miedema, David"]
[Black "Kamsky, Gata"]
[Result "1/2-1/2"]
[WhiteElo "2381"]
[BlackElo "2666"]
[Annotator "TA"]
[PlyCount "63"]
[EventDate "2018.11.10"]
[EventType "team-tourn"]
[EventCountry "GER"]
[SourceTitle "playchess.com"]
[Source "ChessBase"]
[SourceQuality "1"]
[WhiteTeam "Duesseldorf"]
[BlackTeam "SF Deizisau"]

{[%evp 12,63,27,18,38,26,30,27,22,25,36,5,10,-1,-1,0,9,-2,0,0,0,8,20,25,28,20,43,-19,-17,-18,-19,-28,0,-53,-7,-22,-15,-25,-17,-54,-52,-58,-10,-14,-4,-4,-4,-8,0,0,0,0,3,10]} 1. e4 e5 2. Nf3 Nc6 3. Bb5 Nf6 4. O-O Nxe4 5. Re1 Nd6 6. Nxe5 Be7 7. Bf1 Nf5 {C67: Ruy Lopez: Berlin Defence: 4 0-0 Nxe4} 8. c3 O-O 9. d4 Nxe5 {White has an edge.} 10. Rxe5 d6 11. Re2 $146 ({Predecessor:} 11. Re1 d5 12. Nd2 Bd6 13. Nf3 c6 14. a4 a5 15. Qb3 {1-0 (79) Fedoseev,V (2724)-Anand,V (2776) Moscow 2018}) 11... d5 12. Bf4 Bd6 13. Be5 c6 14. Nd2 f6 15. Bxd6 Nxd6 16. Qb3 Kh8 17. Rae1 Bf5 18. Re3 Bg6 19. Be2 (19. Qa3 $14) 19... Nf5 $11 20. Rh3 Re8 21. Nf1 Re7 22. Qc2 ({White should play} 22. Qd1 $11) 22... Kg8 23. Qc1 Qe8 24. Ne3 Nd6 25. Kf1 Qd7 26. Nd1 Rae8 27. Re3 $1 {The position is equal.} Be4 {aiming for ...Nf5.} 28. f3 Bg6 29. Kf2 Kf8 30. Bf1 Rxe3 31. Rxe3 Rxe3 32. Nxe3 {Accuracy: White = 47%, Black = 51%.} 1/2-1/2

[Event "BL 2018-19"]
[Site "Berlin"]
[Date "2019.04.06"]
[Round "14.11"]
[White "Tomczak, Jacek"]
[Black "Khenkin, Igor"]
[Result "1/2-1/2"]
[WhiteElo "2633"]
[BlackElo "2546"]
[Annotator "TA"]
[PlyCount "40"]
[EventDate "2018.11.10"]
[EventType "team-tourn"]
[EventCountry "GER"]
[SourceTitle "playchess.com"]
[Source "ChessBase"]
[SourceQuality "1"]
[WhiteTeam "SF Berlin"]
[BlackTeam "Kiel"]

{[%evp 12,40,0,0,0,0,10,0,0,0,0,-36,-46,-44,-55,-61,-24,-56,-53,-92,-88,-81,-59,-40,-38,-73,-66,-66,-10,-28,-32]} 1. e4 c6 2. d4 d5 3. e5 c5 4. dxc5 e6 5. a3 (5. Nf3 Bxc5 6. a3 Ne7 7. Bd3 Ng6 8. O-O O-O 9. Nbd2 Nc6 10. b4 Bb6 11. Bxg6 fxg6 12. Nb3 Bd7 13. Re1 {1-0 (29) Anand,V (2773)-Mamedyarov,S (2817) Wijk aan Zee 2019}) 5... Bxc5 6. b4 {B12: Caro-Kann: Advance Variation} Be7 7. Qg4 {LiveBook: 8 Games} Kf8 8. Nf3 {The position is equal.} a5 9. b5 Nd7 $146 ({Predecessor:} 9... Qc7 10. Bd3 Nd7 11. Bb2 h5 12. Qf4 Nc5 {0-1 (30) Zaksaite,S (2278)-Praczukowski,S (2140) Vilnius 2018}) 10. Bd3 f6 11. Bb2 (11. Qg3 {looks sharper.} Nh6 12. Bxh6 gxh6 13. Qf4 Rg8 14. c4) 11... Nh6 12. Qg3 Nf7 $1 13. exf6 Bxf6 (13... gxf6 {with more complications.} 14. Nd4 Nc5 15. f4 e5 16. fxe5 Rg8) 14. Bxf6 Qxf6 15. c3 $1 e5 {Threatens to win with ...e4.} 16. Bc2 Nc5 17. O-O Bf5 18. Bxf5 Qxf5 19. Nbd2 Re8 ({Black should try} 19... g5 $15) 20. Rae1 $11 g6 {Precision: White = 61%, Black = 73%.} 1/2-1/2